| LEADER |
01041nam0a2200205 450 |
| 001 |
16837298 |
| 010 |
|
|
|a 978-2-330-15387-8
|b br.
|d 21
|
| 100 |
|
|
|a 20210702d2021 u u0frey01 ba
|
| 101 |
0 |
|
|a fre
|
| 102 |
|
|
|a FR
|
| 200 |
0 |
|
|a mode avion (Le)
|e roman
|f Laurent Nunez
|
| 207 |
|
1 |
|a
|
| 210 |
|
|
|a Arles
|b 43-47 Rue du docteur Fanton. - Passage du Méjan
|c Actes Sud
|d 2021
|
| 215 |
|
|
|a 1 vol. (213 p.)
|d 19 cm
|
| 225 |
1 |
|
|v 299
|
| 330 |
|
|
|a L'épopée tragicomique d'Etienne Choulier et de Stefán Meinhof - soit la vie et l'úuvre de deux linguistes anachorètes guettant l'éclair de génie et se jalousant jusqu'à un duel funeste. Deux aventuriers modernes de la langue française, qui se font la promesse d'en révéler les trésors insoupçonnés, et d'offrir à la postérité de nouvelles théories du langage, aussi inattendues qu'inoubliables.
|
| 700 |
|
0 |
|a Nunez
|b Laurent
|f 1978-....
|4 70
|
| 900 |
|
|
|a Roman
|
| 901 |
|
|
|a Accessible au prêt
|
| 995 |
|
|
|a Bibliothèque
|c Bibliothèque
|f 024021796
|h 024021796
|k R NUN
|o p
|q a
|r az
|e Bibliothèque
|